Knowledge, Attitude and practice of post -stroke patients at Kitwe teaching hospital regarding factors affecting their quality of life (Record no. 84185)

MARC details
000 -LEADER
fixed length control field 00894 a2200253 4500
003 - CONTROL NUMBER IDENTIFIER
control field CBULib
005 - DATE AND TIME OF LATEST TRANSACTION
control field 20250206094714.0
008 - FIXED-LENGTH DATA ELEMENTS--GENERAL INFORMATION
fixed length control field 240123b |||||||| |||| 00| 0 eng d
040 ## - CATALOGING SOURCE
Language of cataloging English
Transcribing agency CBULib
Description conventions rda
041 ## - LANGUAGE CODE
Language code of text/sound track or separate title eng
050 ## - LIBRARY OF CONGRESS CALL NUMBER
Classification number CBU-PG THESIS/MWA
100 ## - MAIN ENTRY--PERSONAL NAME
Personal name Mwandama, Nelia Mwale
9 (RLIN) 1990
245 ## - TITLE STATEMENT
Title Knowledge, Attitude and practice of post -stroke patients at Kitwe teaching hospital regarding factors affecting their quality of life
Statement of responsibility, etc / by Nelia Mwale Mwandama
260 ## - PUBLICATION, DISTRIBUTION, ETC. (IMPRINT)
Name of publisher, distributor, etc Copperbelt University,
Date of publication, distribution, etc 2023
Place of publication, distribution, etc Kitwe :
300 ## - PHYSICAL DESCRIPTION
Extent xiii, 71 pages
336 ## - CONTENT TYPE
Source rdacontent
Content type term Text |
Content type code txt
337 ## - MEDIA TYPE
Source rdamedia
Media type term Unmediated |
Media type code n
338 ## - CARRIER TYPE
Source rdacarrier
Carrier type term Volume
Carrier type code nc
500 ## - GENERAL NOTE
General note Includes bibliographical references and appendices
650 #0 - SUBJECT ADDED ENTRY--TOPICAL TERM
9 (RLIN) 1991
Topical term or geographic name as entry element POST-STROKE PATIENTS
650 #0 - SUBJECT ADDED ENTRY--TOPICAL TERM
9 (RLIN) 1993
Topical term or geographic name as entry element QUALITY OF LIFE
650 #0 - SUBJECT ADDED ENTRY--TOPICAL TERM
9 (RLIN) 1992
Topical term or geographic name as entry element KITWE TEACHING HOSPITAL
942 ## - ADDED ENTRY ELEMENTS (KOHA)
Source of classification or shelving scheme
Koha item type UNIVERSITY COLLECTION
Holdings
Withdrawn status Lost status Source of classification or shelving scheme Damaged status Not for loan Collection code Permanent Location Current Location Shelving location Date acquired Source of acquisition Inventory number Full call number Barcode Date last seen Copy number Price effective from Koha item type
          Medical Library Collection CBU-SCHOOL OF MEDICINE LIBRARY, NDOLA. CBU-SCHOOL OF MEDICINE LIBRARY, NDOLA. School of Medicine Collection - Hospital Campus 01/23/2024 DEP-CBU/02/2025 84185 CBU-PG THESIS/MWA B84185 01/23/2024 1 01/23/2024 UNIVERSITY COLLECTION